| 000 | 00373nam a22001577a 4500 | ||
|---|---|---|---|
| 020 | _a9789332542426 | ||
| 040 | _cNUST | ||
| 082 | _a515 WEI | ||
| 100 | _aHass, Joel | ||
| 110 |
_aWeir, Maurice D. _9111611 |
||
| 245 | _aThomas Calculus | ||
| 250 | _a12th Edition | ||
| 260 |
_aIndia: _bPearson, _c2017. |
||
| 650 |
_aDME.TEXTBOOK CALCULUS _9111612 |
||
| 942 |
_2ddc _cTEXT |
||
| 999 |
_c594400 _d594400 |
||